[Event "PRO League Prelim"]
[Site "Chess.com INT"]
[Date "2023.03.17"]
[Round "5.2"]
[White "Vachier Lagrave, Maxime"]
[Black "Yu, Jennifer R"]
[Result "1-0"]
[WhiteElo "2737"]
[BlackElo "2303"]
[PlyCount "65"]
[EventDate "2023.02.14"]
[EventType "team-swiss (rapid)"]
[EventRounds "5"]
[EventCountry "USA"]
[SourceTitle "CBM 213 Extra"]
[Source "ChessBase"]
[SourceDate "2023.05.31"]
[SourceVersion "1"]
[SourceVersionDate "2023.05.31"]
[SourceQuality "1"]
[WhiteTeam "Blitz"]
[BlackTeam "Canada ChessBrahs"]
[WhiteTeamCountry "FRA"]
[BlackTeamCountry "CAN"]

1. c4 c5 2. Nf3 Nf6 3. Nc3 Nc6 4. e3 e6 5. d4 cxd4 6. exd4 d5 7. a3 Be7 8. Bd3 dxc4 9. Bxc4 0-0 10. 0-0 b6 11. Re1 Bb7 12. Ba2 h6 13. Qd3 Bd6 14. Ne4 Nxe4 15. Qxe4 Na5 16. Qg4 Qf6 17. Ne5 Bxe5 18. dxe5 Qf5 19. Qxf5 exf5 20. e6 fxe6 21. b4 Nc6 22. Bxe6+ Kh8 23. Bb2 Rad8 24. Rad1 Ne7 25. Rc1 Bd5 26. Rc7 Bxe6 27. Rxe7 Bf7 28. Rxa7 Rd2 29. Ba1 Ra2 30. h3 b5 31. Bd4 Kg8 32. Ree7 Rd8 33. Bc5 1-0

[Event "PRO League Prelim"]
[Site "Chess.com INT"]
[Date "2023.02.22"]
[Round "2.4"]
[White "Vaishali, Ramesh Babu"]
[Black "Yu, Jennifer R"]
[Result "1-0"]
[WhiteElo "2433"]
[BlackElo "2303"]
[PlyCount "53"]
[EventDate "2023.02.14"]
[EventType "team-swiss (rapid)"]
[EventRounds "5"]
[EventCountry "USA"]
[SourceTitle "CBM 213 Extra"]
[Source "ChessBase"]
[SourceDate "2023.05.31"]
[SourceVersion "1"]
[SourceVersionDate "2023.05.31"]
[SourceQuality "1"]
[WhiteTeam "Indian Yogis"]
[BlackTeam "Canada ChessBrahs"]
[WhiteTeamCountry "IND"]
[BlackTeamCountry "CAN"]

1. e4 e5 2. Nf3 Nf6 3. Nxe5 d6 4. Nf3 Nxe4 5. Nc3 Nxc3 6. dxc3 Be7 7. Bf4 0-0 8. Qd2 Nd7 9. 0-0-0 Nf6 10. h4 Bg4 11. Re1 c5 12. Ng5 d5 13. f3 Bd7 14. Be5 h6 15. Bd3 c4 16. Bf1 Qa5 17. Kb1 hxg5 18. hxg5 Nh7 19. Bxg7 Rfe8 20. Be5 Bf5 21. g4 Bg6 22. f4 Be4 23. Rxe4 dxe4 24. Qh2 Bxg5 25. Qxh7+ Kf8 26. Bd6+ Be7 27. Qh8# 1-0